Lederhendler, Eli. Jewish immigrants and American capitalism, 1880 - 1920. - Cambridge [u.a.] : Cambridge Univ. Press. - 2009 [Rezension]

Titel: Lederhendler, Eli. Jewish immigrants and American capitalism, 1880 - 1920. - Cambridge [u.a.] : Cambridge Univ. Press. - 2009 [Rezension]
Verfasser:
In: Vierteljahrschrift für Sozial- und Wirtschaftsgeschichte, Band 97, Heft 2 (2010), Seite 243-244
alle Artikel anzeigen
Veröffentlicht: 2010
Format: Aufsatz
Sprache: Deutsch
Kein Bild verfügbar
X
alg: 39499429
001A    $01999:12-11-16 
001B    $01999:04-08-21 $t21:01:31.000 
001D    $01999:12-11-16 
001U    $0utf8 
001X    $00 
002@    $0Aox 
003@    $0394994299 
007A    $0394994299 $aHEB 
007T    $0Herdc0064418m 
010@    $ager 
011@    $a2010 
021A    $aLederhendler, Eli. Jewish immigrants and American capitalism, 1880 - 1920. - Cambridge {[u.a.] : Cambridge Univ. Press. -  2009 [Rezension] 
028A    $aPühringer $dAndrea 
031A    $d97 $e2 $h243-244 $j2010 
039B    $aIn $8--Abvc--. Vierteljahrschrift für Sozial- und Wirtschaftsgeschichte. - Stuttgart : Steiner, 1903-. - ISSN 0042-5699 $x201000000970002757 $9047251867 
039T    $8--Aau--Lederhendler, Eli$Z1952- [Tp3]. Jewish immigrants and American capitalism, 1880 - 1920. - Cambridge {[u.a.] : Cambridge Univ. Press, 2009. - XXIII, 224 S.. - Ill.. - ISBN 978-0-521-73023-5 $9210547391 
045F    $a900.9437 $eDDC23BSB 
045F/01 $a900 
045F/03 $g437 
045F/03 $g438 

lok: 39499429 78

exp: 39499429 78 1 #EPN
201B/01 $018-11-16 $t13:22:34.000 
201U/01 $0utf8 
203@/01 $0791292916 
208@/01 $a12-11-16 $be 
209A/01 $a/ $f000 $x00 
220C/01 $aTitelaufnehmer: pg 
220C/01 $aHerkunft: HI Marburg 
244Z/01 $2Trx $#Kesk- ja Ida- Euroopa kontseptsioonid $#Vidurio Europos koncepcijos $#East-Central Europe $#Keletközépeurópa-eszmék $#Europa Środkowo-Wschodnia koncepcje $#Európa stredovýchodná koncepcie $#Evropa střední, východní část koncepce $#Mitteleuropa $#Osteuropakonzeptionen $#Europa Środkowa koncepcje $#Stredná Európa koncepcie $#Střední Europa koncepce $8--Trx--Ostmitteleuropakonzeptionen $x01 $9391364286 
244Z/01 $2Trx $#Poola $#Lenkija $#Polija $#Polen Land $#Poland $#Lengyelország $#Poľsko $#Polsko $8--Trx--Polska$gkraj $x02 $9391345966 
244Z/01 $2Trx $#arvustused $#recenzijos $#Reviews $#recenziók $#recenzje $#recenzie $#recenze $8--Trx--Rezensionen $x03 $9391357441 
247C/01 $82080>Marburg/Lahn, Herder-Institut, Forschungsbibliothek, Bibliographieportal $9336309341
LEADER 00000caa a22000002c 4500
001 394994299
003 DE-603
005 20210804210131.0
007 tu
008 161112s2010 xx |||| | u00||u|ger c
035 |a (DE-599)HEB394994299 
040 |a DE-603  |b ger  |c DE-603  |d DE-603 
041 |a ger 
082 0 4 |8 1\u  |a 900.9437  |q DE-101  |2 23/BSB 
085 |8 1\u  |b 900 
085 |8 1\u  |z 2  |s 437 
085 |8 1\u  |z 2  |s 438 
100 1 |a Pühringer, Andrea 
245 0 0 |a Lederhendler, Eli. Jewish immigrants and American capitalism, 1880 - 1920. - Cambridge ˜[u.a.] œ: Cambridge Univ. Press. - 2009 [Rezension] 
264 0 |c 2010 
773 0 8 |i In  |t Vierteljahrschrift für Sozial- und Wirtschaftsgeschichte  |d Stuttgart : Steiner, 1903-  |x 0042-5699  |g Band 97, Heft 2 (2010), Seite 243-244  |w (DE-603)047251867  |w (DE-600)200400-8 
787 0 8 |i Rezension von  |a Lederhendler, Eli, 1952-  |t Jewish immigrants and American capitalism, 1880 - 1920  |d Cambridge ˜[u.a.] œ: Cambridge Univ. Press, 2009  |h XXIII, 224 S., Ill.  |z 9780521730235  |z 9780521513609  |w (DE-603)210547391 
924 0 |9 2080  |a (DE-603)791292916  |b DE-2080  |c HES  |d d  |g /